Polskie Miasta Według Antonimów - Statystyki

Ogólne statystyki
  • Ten quiz został rozwiązany 59 razy
    41 od ostatniego zresetowania
  • Średni wynik to 9 z 15
Statystyki odpowiedzi
Wskazówka Odpowiedź % Poprawnych
Czerńsko-Czarna Bielsko-Biała
94%
Rzadkoszuka Częstochowa
94%
Stary Pieprz Nowa Sól
79%
Fioletowy Dół Zielona Góra
76%
Czarnypoziom Białystok
68%
Łani Dół Jelenia Góra
68%
Czarna Nadbrzydula Biała Podlaska
65%
Zdrowów Chorzów
53%
Jadła Piła
53%
Działaj Bezmyślnie Przemyśl
50%
Klaczyn Konin
44%
Brunetka Pomorska Ruda Śląska
35%
Drewniana Niechęć Stalowa Wola
35%
Samolot Łódź
32%
Smucin Cieszyn | Szczecin
24%
Nie znaleziono quizów pasujących do podanych kryteriów
Rozkład punktacji
Procent ludzi z każdym wynikiem
Percentyl według liczby udzielonych odpowiedzi
Twoja historia wyników
Nie rozwiązałeś tego quizu od ostatniego zresetowania